Państwa świata po kształcie flagi #10 - Statystyki

Ogólne statystyki
  • Ten quiz został rozwiązany 3 989 razy
  • Średni wynik to 13 z 16
Statystyki odpowiedzi
Obrazkowy Odpowiedź % Poprawnych
Dania
99%
Węgry
98%
Cypr
95%
Mongolia
91%
Andora
88%
Liechtenstein
87%
Bhutan
86%
Kamerun
82%
Zambia
78%
Boliwia
76%
Kuwejt
74%
Tadżykistan
71%
Gwinea
62%
Dżibuti
61%
Kongo
61%
Komory
59%
Nie znaleziono quizów pasujących do podanych kryteriów
Rozkład punktacji
Procent ludzi z każdym wynikiem
Percentyl według liczby udzielonych odpowiedzi
Twoja historia wyników
Nie rozwiązałeś tego quizu